Регионална библиотека "Любен Каравелов" - Русе

Букурещ (Запис номер 56710)

MARC детайли
000 -Лидер
Контролно поле с фиксирана дължина 01154nam a2200325 c 4500
003 - Код на организацията, давaща контролен номер
Контролно поле BLK
005 - Дата и час на последна редакция
Контролно поле 20240405005332.0
008 - Елементи от данни с фиксирана дължина
fixed length control field 180408b bul|||||r ||||||| ||bul||
010 ## - Наследен системен номер
LC control number KNG00060695000
040 ## - Източник на каталожния запис
Идентификатор на билиотеката - собственик на записа BLK
041 ## - Код за език
Код за езика на текст/звукозапис или на отделно заглавие Български
Код за езика КДБФ Български
080 ## - УДК
Текстов определител УДК Краезнание
УДК код - определител по УДК 908
УДК определител (498-25)(026)
УДК - код + определител 908(498-25)(026)
100 ## - Редна дума - Автор
Автор Дойков, Васил Георгиев
Автор - информация (биография) Географ, краевед, писател
Дати, свързани с автора 1930-2018
R(LIN) 364377
139 ## - Редно поле
Редна дума Дойков, Васил Георгиев
Авторски знак Дои - Д 71
245 10 - Сведения за заглавието
Заглавие Букурещ
Подзаглавни данни Пътеводител
Редно поле (дума) Васил Георгиев Дойков.
257 ## - Страна на издаване
Страна на създаване/издаване България
260 ## - Област на издателските данни
-- София
Име на издателя, разпространителя и проч. Медицина и физкултура
Година на издаване 1986
Печатница Пловдив : Д. Благоев
300 ## - Физическа характеристика
Страници 128 с.
Размери/Мащаб 20 см
380 ## - Жанр
Жанр История
500 ## - Общи забележки
Забележка Авт. не е отбелязан на кор.
650 #4 - Допълнително описание по предмет – тема
Основно описание – тема или топоним Букурещ - пътеводители
9 (RLIN) 287059
651 #4 - Допълнително описание по предмет - топоним
Географско понятие Румъния
9 (RLIN) 179459
653 ## - Ключова дума – ненормативна
Ключова дума Букурещ
852 ## - Местоположение
Форматна сигнатура Цб 140926
856 4# - Електронен адрес и достъп
Електронен формат pdf - файл
Път до файла /url/
856 4# - Електронен адрес и достъп
Електронен формат pdf - файл
Път до файла /url/
942 ## - АРТИКУЛИ
Вид на библиотечния материал Книги
Скрит в OPAC Не
944 ## - СЪЗДАВАНЕ И РЕДАКЦИЯ на ЗАПИСА
Създаване/Редакция Създаване
Дата на регистрацията/редакция 13.06.2004
Служител, извършил регистрацията/редакцията
Статус, дата на статуса CRON CRON
944 ## - СЪЗДАВАНЕ И РЕДАКЦИЯ на ЗАПИСА
Създаване/Редакция Редакция
Дата на регистрацията/редакция 02.06.2009
Служител, извършил регистрацията/редакцията
999 ## - СИСТЕМНИ КОНТРОЛНИ НОМЕРА
Koha biblionumber 56710
Koha biblioitemnumber 56710
Наличности
Код за отписване Код за изгубен артикул Източник на класификационната схема Код за повреда Коз за рестрикции Код за отдаване Артикулен № Име на библиотеката - собственик Име на библиотеката, в която се намира в момента Статус (Текущо местоположение) Дата на вписване в системата Местоположение - отдел Цена в лева Инвентарен номер Систематично азбучна сигнатура Баркод Номер на екземпляра Цена в евро Служебна бележка Служебен тип на артикула
  Не е изгубен Universal Decimal Classification Не е повреден без рестрикции ползва се в читалня 90503 Регионална библиотека "Любен Каравелов" Русе Регионална библиотека "Любен Каравелов" Русе Хранилище 1986-01-01 Хранилище 0.82 446950 Цб 140926 120000446950 1 0.42 Дост: Dp Вид: Д N: стар фонд Дата: 01.01.1986 Книги
Изтеглен Не е изгубен Universal Decimal Classification Не е повреден без рестрикции заемане за дома 90504 Регионална библиотека "Любен Каравелов" Русе Регионална библиотека "Любен Каравелов" Русе Заемна - подръчен фонд 1986-01-01 Заемна - подръчен фонд 0.82 459206 П 908/Д 71 В 459206 2 0.42 Дост: Pk Вид: Ф N: стар фонд Дата: 01.01.1986 Книги
Изтеглен Не е изгубен Universal Decimal Classification Не е повреден без рестрикции заемане за дома 90505 Регионална библиотека "Любен Каравелов" Русе Регионална библиотека "Любен Каравелов" Русе Заемна - подръчен фонд 1986-01-01 Заемна - подръчен фонд 0.82 459208 П 908/Д 71 В 459208 3 0.42 Дост: Pk Вид: Ф N: стар фонд Дата: 01.01.1986 Дата инв: 15.02.2018 Бележки инв: П2018 Книги
Изтеглен Не е изгубен Universal Decimal Classification Не е повреден без рестрикции заемане за дома 90506 Регионална библиотека "Любен Каравелов" Русе Регионална библиотека "Любен Каравелов" Русе Заемна - подръчен фонд 1986-01-01 Заемна - подръчен фонд 0.82 471891 П 908/Д 71 В 471891 4 0.42 Дост: Pk Вид: Ф N: стар фонд Дата: 01.01.1986 Книги
Изтеглен Не е изгубен Universal Decimal Classification Не е повреден без рестрикции заемане за дома 90507 Регионална библиотека "Любен Каравелов" Русе Регионална библиотека "Любен Каравелов" Русе Детски отдел 1986-01-01 Детски отдел 0.82 459210 ДН 9/Д 71 В 459210 5 0.42 Дост: Pk Вид: Ф N: стар фонд Дата: 01.01.1986 Дата инв: 20.08.2015 Бележки инв: Д2015 Книги
Vip Innovations Ltd, Rousse, Bulgaria 2025